| 000 | 00539nam a22001817a 4500 | ||
|---|---|---|---|
| 008 | 230630b |||||||| |||| 00| 0 eng d | ||
| 020 | _a978-81-7483-103 | ||
| 040 |
_aNational Science Library _cNational Science Library |
||
| 080 |
_a82-311.6APT _bQ3 |
||
| 100 | _aApte, Harinarayan | ||
| 245 | _aचाणक्य और चन्द्रगुप्त | ||
| 246 | _aChanakya aur chandragupt | ||
| 260 |
_aDelhi: _bShiksha Bharti, _c2009 |
||
| 300 | _a240p. | ||
| 650 | _aLiterature | ||
| 653 | _aStory | ||
| 942 |
_2udc _cHBK |
||
| 999 |
_c48575 _d48575 |
||